000
00280nam a22001217a 4500
008
190305b xxu||||| |||| 00| 0 eng d
041
_a
eng
080
_a
615
100
_a
5
101
_a
SHF
245
_a
Drug Interactions and Side Effects Index
_c
Sifton, D.W
942
_2
udc
_c
BK
999
_c
54562
_d
54562